[Event "Manizales Feria op 29th"]
[Site "Manizales"]
[Date "2024.01.08"]
[Round "6"]
[White "Pacheco, Juan Diego"]
[Black "Pardo Garcia, Nicolas"]
[Result "1-0"]
[WhiteElo "1746"]
[BlackElo "1600"]
[PlyCount "64"]
[EventDate "2024.01.05"]
[EventType "swiss"]
[EventRounds "7"]
[EventCountry "COL"]
[SourceTitle "CB02_2024"]
[SourceDate "2024.01.10"]
[SourceVersion "1"]
[SourceVersionDate "2024.01.10"]
[SourceQuality "1"]

1. c4 e5 2. Nc3 Nc6 3. g3 Nge7 4. Bg2 g6 5. e4 Bg7 6. Nge2 0-0 7. 0-0 d6 8. d3 f5 9. Be3 h6 10. Qd2 Kh7 11. d4 f4 12. gxf4 exf4 13. Nxf4 Bxd4 14. Bxd4 Nxd4 15. Qxd4 Rxf4 16. c5 Nc6 17. Qe3 Qh4 18. Nd5 Rg4 19. f4 Be6 20. Nxc7 g5 21. f5 Bc4 22. Nxa8 Bxf1 23. Rxf1 Ne5 24. cxd6 Nc4 25. Qf2 Qh5 26. d7 Qh3 27. Qf3 Rxg2+ 28. Qxg2 Qe3+ 29. Qf2 Qd3 30. f6 Kg8 31. f7+ Kf8 32. Qc5+ Nd6 1-0

[Event "Manizales Feria op 29th"]
[Site "Manizales"]
[Date "2024.01.08"]
[Round "7"]
[White "Pardo Garcia, Nicolas"]
[Black "Toro, Jonathan"]
[Result "1-0"]
[WhiteElo "1600"]
[BlackElo "1748"]
[PlyCount "101"]
[EventDate "2024.01.05"]
[EventType "swiss"]
[EventRounds "7"]
[EventCountry "COL"]
[SourceTitle "CB02_2024"]
[SourceDate "2024.01.10"]
[SourceVersion "1"]
[SourceVersionDate "2024.01.10"]
[SourceQuality "1"]

1. d4 d5 2. Bf4 c5 3. e3 Nc6 4. Nf3 Nf6 5. Nbd2 g6 6. c3 a6 7. Be2 Bg7 8. 0-0 0-0 9. h3 Re8 10. Re1 Qb6 11. Qb3 Qxb3 12. axb3 Nh5 13. Bh2 Nf6 14. Bd3 Bf5 15. Bxf5 gxf5 16. Ne5 Nxe5 17. Bxe5 Ne4 18. Nxe4 fxe4 19. Bxg7 Kxg7 20. dxc5 Rec8 21. b4 a5 22. Rxa5 Rxa5 23. bxa5 Rxc5 24. Ra1 e5 25. a6 bxa6 26. Rxa6 Rb5 27. b4 d4 28. exd4 exd4 29. cxd4 Rxb4 30. d5 Rb1+ 31. Kh2 Rd1 32. d6 Rd3 33. g3 Rd2 34. Kg1 f5 35. Kf1 h5 36. Ke1 Rd3 37. h4 Kf6 38. Ke2 Ke5 39. Ra5+ Ke6 40. Ra6 Rf3 41. d7+ Kxd7 42. Rh6 f4 43. gxf4 Rxf4 44. Rxh5 Ke6 45. Ke3 Rg4 46. Rh8 Kf7 47. h5 Rh4 48. h6 Kg6 49. Kd4 Rxh6 50. Rxh6+ Kxh6 51. Kxe4 1-0